| 000 | 00901cam a2200229 i 4500 | ||
|---|---|---|---|
| 005 | 20170323020002.0 | ||
| 008 | 970716m1996 ck ab b 000 0 spa | ||
| 020 | _a9589595030 | ||
| 040 |
_aDLC _cDLC _dDLC _dCO-BoIAVH |
||
| 041 | 0 | _aspa | |
| 043 | _as-ck--- | ||
| 082 | 0 | 4 |
_a591.7789 _bD54a |
| 100 | 1 | _aDíaz M., Juan Manuel | |
| 245 | 1 | 0 |
_aAtlas de los arrecifes coralinos del caribe colombiano : _bComplejos arrecifales oceánicos / _cJuan Manuel Díaz M. y (otros cinco autores). |
| 260 |
_aSanta Marta : _bInstituto de Investigaciones Marinas y Costeras "José B. Vives de Andreis", INVEMAR, _c1996. |
||
| 300 |
_a83 págginas : _bilustraciones y mapas ; _c28 cm. |
||
| 490 | 0 | 0 |
_aSerie Publicaciones especiales ; _v2 |
| 504 | _aJuan Manuel | ||
| 650 | 1 | 4 |
_aArrecifes madrepóricos _zColombia |
| 650 | 2 | 4 |
_aEcología de arrecifes madrepóricos _zColombia |
| 942 |
_2ddc _cLIBRO _01 |
||
| 999 |
_c87 _d87 |
||